000 00516nam a22001577a 4500
020 _a9781111835392
050 _aBF713
_b.K25 2013
100 _aKail, Robert V.
245 _aHuman development :
_b a life-span view.
_cRobert V. Kail
250 _a6th.Ed.
260 _aCanada, U.S.A :
_bwadsworth cengage learning,
_c2013.
300 _axxxiii, 712 p. :
500 _a Includes illustrations, Col. photos, bibliographical reference and index. Dimensions : 24 cm.
650 _bDevelopmental psychology
942 _cGEN
999 _c244
_d244